000 00747nam a22002417a 4500
005 20140703112054.0
010 _aENG-109646
020 _c165.00
_a9789351342991
020 _c165.00
_a9351342999
035 _aEN-93179
037 _bDBAD/PUB
082 _a657
100 _aRamachandran, N.
245 _aHow to read a profit and loss statement /
_cby N. Ramachandran [and] Ram Kumar Kakani
250 _a2nd ed
260 _aNew Delhi
_bMcGraw Hill Education
_c2014
270 _aP-24, Green Park Extn.
_bNew Delhi
_e110016
300 _avi,108p.
_c23cm(pbk)
490 _aMcGraw Hill professional-finance made easy series
500 _aIncludes index
700 _aKakani, Ram Kumar
942 _2ddc
_cEN
_mRAM
_h657
999 _c83248
_d83248